000 01270nam0a2200361 4500
001 RU\NLR\BIBL_A\012878545
005 20221020092247.0
010 _a978-5-6047917-0-7
_9200
021 _aRU
_bКН-П-22-042705
_9КН-П-22-3688
035 _a(NLR Aleph) 012878545
035 _a(RuMoRGB)011128835
090 _a12511972
_c12511972
100 _a20220831d2021 u y0rusy50 ca
101 0 _arus
102 _aRU
105 _aac||z|||000gy
181 0 _ai3
_baxxe
181 0 _ab1
_bxb2e
182 0 _an
200 1 _aВолнения
_eстихи
_fВладимир Рогалёв
203 _aТекст
_aИзображение
_bвизуальные
_cнепосредственные
210 _aКоролёв
_aМосква
_cМультипринт
_d2021
215 _a175 с.
_cил., портр.
_d14
225 1 _aБиблиотечка кедринцев
330 _aСборник содержит стихи Владимира Рогалёва
675 _a821.161.1-1
_v4
686 2 _aШ6(2=Р)8-5
700 1 _aРогалёв
_bВ. Г.
_gВладимир Георгиевич
942 _cBOOK
980 _aNB